Paroles #1 : Barman - Soprano - Statistiques

Statistiques générales
  • Ce quiz a été pris 242 fois
  • Le résultat moyen est 241 sur 318
Statistiques - réponses
Paroles % Correct
a
95%
à
95%
de
94%
Il
94%
il
94%
le
94%
Le
94%
Je
93%
je
93%
tous
93%
la
92%
92%
ma
92%
me
92%
ils
91%
Ils
91%
sa
91%
se
90%
les
89%
m'ont
89%
Et
88%
et
88%
que
88%
Que
88%
un
88%
avec
87%
Avec
87%
en
86%
Qui
86%
ses
86%
Comme
85%
problèmes
85%
sur
85%
saoulé
84%
dit
83%
du
83%
matins
83%
son
83%
une
83%
vois
83%
ça
82%
ce
82%
femme
82%
ne
82%
trompe
82%
voisin
81%
avant
79%
chantier
79%
dans
79%
nous
79%
palier
79%
complètement
78%
d'aller
78%
enfants
78%
parle
78%
rendent
77%
Au
75%
au
75%
des
75%
était
75%
foyer
75%
jeune
75%
patate
75%
Qu'il
75%
qu'il
75%
parler
74%
qu'à
74%
vient
74%
petit
72%
barman
71%
Mais
71%
mes
71%
fêlé
70%
batte
69%
moi
69%
pour
69%
table
69%
bagarre
68%
formidable
68%
fout
68%
homme
68%
jeunes
68%
monte
68%
plus
68%
toutes
68%
beau
67%
deuxième
67%
éclate
67%
cartes
66%
fameuse
66%
fond
66%
lui
66%
premier
66%
riche
66%
salle
66%
traite
66%
cigarette
65%
gonzesses
65%
jeunesse
65%
majeur
65%
manche
65%
Oui
65%
politesse
65%
rate
65%
sous
65%
temps
65%
attirait
64%
avaient
64%
depuis
64%
heures
64%
là-bas
64%
quelques
64%
secrétaire
64%
séparer
64%
t'agressent
64%
accent
63%
bizarre
63%
patron
63%
raconte
63%
24
62%
cours
62%
fait
62%
Véro
62%
bien
61%
boulot
61%
cougar
61%
est
61%
l'époque
61%
qu'une
61%
sortant
61%
taper
61%
bureau
59%
intéresse
59%
j'entends
59%
minable
59%
qu'aujourd'hui
59%
aimerait
58%
fort
58%
ravageur
58%
d'oiseau
57%
noms
57%
Elle
56%
tas
56%
coup
55%
macaques
55%
bras
54%
cravate
54%
ébats
54%
rabâcher
54%
sans
54%
d'horreur
53%
film
53%
maquillage
53%
C'est
52%
d'un
52%
midis
52%
personne
52%
pudeur
52%
Puis
52%
tombe
52%
tourments
52%
veut
52%
d'âme
51%
états
50%
desserre
49%
normal
49%
qu'est
49%
reste
49%
cette
48%
décrit
48%
entendre
48%
Jupe
48%
pleurant
48%
sexuels
48%
y'a
47%
décolleté
44%
léopard
43%
Ici
32%
glaçons
26%
tu
25%
Jeffrey
23%
Oh
22%
remets
22%
Aucun quiz correspondant
Distribution des résultats
% des personnes avec chaque résultat
Percentile par nombre de réponses
Votre historique - résultats
Vous n’avez pas pris ce quiz